Statistics for Het oude Onze Vader

Click here to take the quiz!

General Stats

  • This quiz has been taken 16 times
  • The average score is 63 of 69

Answer Stats

Woorden% Correct
brood
100%
dagelijks
100%
de
100%
de
100%
de
100%
de
100%
die
100%
en
100%
en
100%
en
100%
en
100%
Geef
100%
hemel.
100%
in
100%
in
100%
in
100%
in
100%
ons
100%
ons
100%
ons
100%
ons
100%
ons
100%
onze
100%
onze
100%
Onze
100%
U
100%
Vader
100%
vergeef
100%
zij
100%
Amen
93%
geschiede
93%
heden
93%
hemelen
93%
kome,
93%
ook
93%
Uw
93%
Uw
93%
Uw
93%
van
93%
van
93%
vergeven
93%
verlos
93%
wij
93%
zijt.
93%
aarde
86%
het
86%
het
86%
leid
86%
maar
86%
naam.
86%
niet
86%
op
86%
schulden,
86%
schuldenaren
86%
wil
86%
aan
79%
als
79%
bekoring
79%
eeuwigheid
79%
is
79%
kracht
79%
kwade.
79%
rijk
79%
Geheiligd
71%
gelijk
71%
koninkrijk
71%
Want
71%
heerlijkheid
64%
tot
43%

Score Distribution

Percentile by Number Answered

Percent of People with Each Score

Your Score History

You have not taken this quiz